| 000 | 00699nam a2200229 4500 | ||
|---|---|---|---|
| 003 | OSt | ||
| 005 | 20240629033814.0 | ||
| 006 | a | ||
| 008 | 240629b |||||||| |||| 00| 0 eng d | ||
| 020 | _a9780240813288 | ||
| 040 |
_aDWCL-Main lib. _cOC |
||
| 082 | _aCirc. 006.74 D251h 2010 | ||
| 100 | _aDavid, Matthew | ||
| 245 | _aHTML5: designing rich internet applications / | ||
| 260 |
_aAmsterdan : _bElsevier/Focal Press, _cc2010. |
||
| 300 |
_axiv, _b285 p. : ill. (some col.) ; _c25 cm. |
||
| 504 | _aIncludes index. | ||
| 650 | _a1. HTML (Document markup language). | ||
| 650 | _a2. Multimedia communications. | ||
| 650 | _a3. Web site development. | ||
| 942 |
_2ddc _n0 _cBK-CIRC _kCirc. |
||
| 999 |
_c1653 _d1653 |
||